Literary by-paths : (Record no. 128462)

MARC details
000 -LEADER
fixed length control field 00657nam a22002177a 4500
005 - DATE AND TIME OF LATEST TRANSACTION
control field 20170124110040.0
010 ## - LIBRARY OF CONGRESS CONTROL NUMBER
LC control number 288269
020 ## - INTERNATIONAL STANDARD BOOK NUMBER
Terms of availability 00.00
035 ## - SYSTEM CONTROL NUMBER
System control number 288269
037 ## - SOURCE OF ACQUISITION
Source of stock number/acquisition Cen Lib/Ret
040 ## - CATALOGING SOURCE
Original cataloging agency DPL
Language of cataloging EN
082 ## - DEWEY DECIMAL CLASSIFICATION NUMBER
Classification number 884
Item number LIT
245 ## - TITLE STATEMENT
Title Literary by-paths :
Statement of responsibility, etc compiled and edited by Mabel A.Besey [and] Monica D.Ryan
Remainder of title a collection of essays /
260 ## - PUBLICATION, DISTRIBUTION, ETC. (IMPRINT)
Name of publisher, distributor, etc Lyons and Carnahan
Date of publication, distribution, etc 1934
Place of publication, distribution, etc New York
300 ## - PHYSICAL DESCRIPTION
Extent vii,424p. :
Dimensions 19cm(Hb)
Other physical details ill.
650 ## - SUBJECT ADDED ENTRY--TOPICAL TERM
Topical term or geographic name as entry element American essays
9 (RLIN) 23475
650 ## - SUBJECT ADDED ENTRY--TOPICAL TERM
Topical term or geographic name as entry element English essays
9 (RLIN) 21298
700 ## - ADDED ENTRY--PERSONAL NAME
Personal name Bessey, Mabel A.
9 (RLIN) 23476
700 ## - ADDED ENTRY--PERSONAL NAME
Personal name Ryan, Monica D.
9 (RLIN) 23477
942 ## - ADDED ENTRY ELEMENTS (KOHA)
Source of classification or shelving scheme Dewey Decimal Classification
Koha item type English Books
Classification part 884
Call number suffix LIT
Holdings
Withdrawn status Lost status Damaged status Not for loan Home library Current library Date acquired Source of acquisition Cost, normal purchase price Total Checkouts Full call number Barcode Date last seen Copy number Cost, replacement price Price effective from Koha item type
        Central Library Central Library 02/07/2015 Cen Lib/Ret 0.00   884 LIT 288269 02/07/2015 1 0.00 02/07/2015 English Books

© Delhi Public Library
Hit Counter
free hit counter